LEADER 01413nam a2200289 a 4500 001 000000128960 003 CaOOAMICUS 005 20120518171134.0 008 120518s2012 it o u000 u ita r 040 $aPUL$bita 082 04$a770 245 00$a1900-1920 :$btra miti di progresso e incubi di guerra. 246 33$aMillenovecento-millenovecentoventi :$btra miti di progresso e incubi di guerra 260 $aFirenze :$bE-ducation.it S.p.a.,$c2012$aMilano :$bArnoldo Mondadori,$c2012. 300 $a191 p. :$bfoto. ;$c26 cm. 490 1 $aStoria e fotografia. Un secolo di immagini ;$v1 651 4$aItalia$xStoria$ySec. XX.$0(OLS)http://pul/subject/6333 830 0$aStoria e fotografia. Un secolo di immagini ;$v1.$0(OLS)http://pul/title/162441 850 $aPUL 852 $aPUL$W1$xDP2 Cons. Gen., Altre Classi 3$y97$m770 COLL 1.1$j149349$qDDC 21$B147873$CPULBib$Z2$F147873 $H119473 $82 941 1 $a9 996 $6082$a770$9(OLS)http://pul/classification/2244 996 $6245$a1900-1920 :$btra miti di progresso e incubi di guerra$9(OLS)http://pul/title/162957 996 $6246$aMillenovecento-millenovecentoventi :$btra miti di progresso e incubi di guerra$9(OLS)http://pul/title/162958 996 $6260$aFirenze :$bE-ducation.it S.p.a.$9(OLS)http://pul/publisher/81559 996 $6260$aMilano :$bArnoldo Mondadori$9(OLS)http://pul/publisher/60431 LEADER 01315nam a2200277 u 4500 001 000000115511 003 CaOOAMICUS 005 20090505171603.0 008 090505s2009 it u000 u ita r 040 $aPUL$bita$dLDB 100 1 $aMazzini, Giuseppe,$d1805-1872.$0(OLS)http://pul/name/17409 245 10$aMazzini. 260 $aMilano :$bMondadori,$cc2009. 300 $a1149 p. ;$c18 cm. 490 1 $aI classici collezione del pensiero ;$v52 504 $aInclude riferimenti bibliografici e indici. 505 0 $aCronologia di Mazzini ; Scritti politici / a cura di Terenzio Grandi e Augusto Comba ; prefazione alla seconda edizione di Maurizio Viroli 700 1 $aGrandi, Terenzio.$0(OLS)http://pul/name/40237 700 1 $aComba, Augusto.$0(OLS)http://pul/name/19347 700 1 $aMazzini, Giuseppe,$d1805-1872.$tGruppi, scelte.$0(OLS)http://pul/nameTitle/916$0(OLS)http://pul/name/17409$0(OLS)http://pul/title/132012 830 2$aI classici del pensiero (Mondadori) ;$v52.$0(OLS)http://pul/title/140256 850 $aPUL 852 $aPUL$W1$xSL Filosofia 3$y81$m180 COLL 1.52$j132309$qDDC 21$B131306$CPULBib$Z2$F131306 $H110172 $82 941 1 $a9 996 $6245$aMazzini$9(OLS)http://pul/title/35278 996 $6260$aMilano :$bMondadori$9(OLS)http://pul/publisher/50297